| 000 | 01194nam a22002777a 4500 | ||
|---|---|---|---|
| 005 | 20240305165507.0 | ||
| 007 | cr|||| |||| | ||
| 008 | 180428s2017 co |||||s|||| 00||0 spa d | ||
| 020 | _a978-958-771-448-7 | ||
| 035 | _a21538 | ||
| 040 | _avLex | ||
| 090 |
_c7837 _d7837 |
||
| 100 | 1 | _aBuchieri, Flavio E. | |
| 245 | 1 | 0 |
_aMacroeconomía _h[Recurso electrónico] : _bun enfoque latinoamericano / _cFlavio E. Buchieri, Néstor R. Perticarari, Tomás Mancha Navarro, Alejandro D. Pereyra |
| 256 | _aServicio en línea | ||
| 260 |
_aBogotá: _bECOE, _c2017 |
||
| 300 | _a1 recurso electrónico | ||
| 506 | 1 |
_aDisponible solo en los productos indicados _dvLex Global _dvLex Global (Academic Edition, excluding Law Schools) _dvLex Global (U.S. Academic Edition, Law Schools) _dvLex Global (U.S. Academic Edition, excluding Law Schools) _dvLex Global (Academic Edition, Law Schools) |
|
| 650 | 0 | 4 |
_aDerecho Fiscal _zColombia |
| 700 | 1 | _aPerticarari, Néstor R. | |
| 700 | 1 | _aMancha Navarro, Tomás | |
| 700 | 1 | _aPereyra, Alejandro D. | |
| 740 | 0 | _avLex Libros (Servicio en línea) | |
| 856 | 4 | 0 | _uhttps://app.vlex.com/#/sources/macroeconomia-enfoque-latinoamericano-21538 |
| 942 | _cRAA | ||
| 999 |
_c166074 _d166074 |
||